Statistiques concernant Culture Générale - Série 1309

Cliquez ici pour prendre le quiz!

Statistiques générales

  • Ce quiz a été pris 42 fois
  • Le résultat moyen est 5 sur 10

Statistiques - réponses

Question Réponse % Correct
Quel jeu de société fut inventé pendant la Grande Dépression des années 1930 et auquel ses thèmes de fortune et de célébrité valurent une grande popularité ?Monopoly
89%
Quel ministre de la Culture a créé la fête de la musique ?Jack Lang
84%
Quel joaillier créait des œufs émaillés d'or et de pierres précieuses pour les tsars de Russie ?Pierre-Karl Fabergé
73%
Quel organisme français est né de la fusion de l'ANPE et des Assedic ?Pôle emploi
73%
Quel pays a cédé la Floride aux États-Unis en 1819 par le Traité d'Adams-Onis ?Espagne
59%
Quel pharaon égyptien eut plus de 100 enfants ?Ramsès II
38%
Quel objet a explosé au-dessus d'une ville russe en 2013, libérant une énergie 30 fois supérieure à celle d'une bombe atomique ?météorite
35%
Quel lieu de villégiature situé dans le Maryland est utilisé par les présidents américains depuis les années 1940 ?Camp David
30%
Quel maréchal de France et compagnon d'armes de Jeanne d'Arc a parfois été surnommé Barbe Bleue ?Gilles de Rais
27%
Quel mets fut ainsi nommé en référence au commandant des troupes qui remportèrent la bataille de Waterloo ?bœuf Wellington
8%

Distribution des résultats

Percentile par nombre de réponses

% des personnes avec chaque résultat

Votre développement - résultats

Vous n’avez pas pris ce quiz